[Event "FIDE Open World Blitz 2021"]
[Site "Warsaw"]
[Date "2021.12.29"]
[Round "11.44"]
[White "Tazbir, Marcin"]
[Black "Shevchenko, Kirill"]
[Result "1/2-1/2"]
[WhiteElo "2508"]
[BlackElo "2647"]
[Annotator "ChessBase"]
[PlyCount "105"]
[EventDate "2021.12.29"]
[EventType "swiss"]
[EventCountry "POL"]
[Tiebreak "Cut1 Buchholz"]
[SourceTitle "playchess.com"]
[Source "ChessBase"]
[SourceQuality "1"]

1. e4 c6 2. d4 d5 3. exd5 cxd5 4. c4 Nf6 5. Nc3 Nc6 6. Nf3 Bg4 7. cxd5 Nxd5 8.
Qb3 Bxf3 9. gxf3 e6 10. Qxb7 Nxd4 11. Bb5+ Nxb5 12. Qc6+ Ke7 13. Qc5+ Ke8 14.
Qxb5+ Qd7 15. Nxd5 exd5 16. Qd3 f6 17. O-O Kf7 18. Rd1 Rd8 19. Be3 Bb4 20. Rac1
Rhe8 21. Qxh7 Rh8 22. Qd3 Rh4 23. Qb3 Qf5 24. Rc7+ Kg8 25. Qd3 Qh5 26. Kf1 Kh8
27. Ke2 d4 28. Qb3 Bd6 29. Rc6 Qe5 30. f4 Qe4 31. Rxd6 Rxd6 32. Qb8+ Kh7 33.
Qxd6 dxe3 34. Qd3 Qxd3+ 35. Rxd3 exf2 36. Rf3 Rxh2 37. Rxf2 Rh1 38. b4 Rb1 39.
a3 Rb2+ 40. Ke1 Rb3 41. Rd2 Rxa3 42. Ke2 Kg6 43. Rd5 Ra4 44. Rb5 a6 45. Rb7 Kf5
46. Ke3 g6 47. Rb6 Ra1 48. Ke2 Ra3 49. Kf2 Rb3 50. Ke2 Kxf4 51. Rxf6+ Kg5 52.
Rxa6 Rxb4 53. Kf3 1/2-1/2

[Event "FIDE Open World Blitz 2021"]
[Site "Warsaw"]
[Date "2021.12.29"]
[Round "11.45"]
[White "Jobava, Baadur"]
[Black "Gukesh D"]
[Result "0-1"]
[WhiteElo "2582"]
[BlackElo "2621"]
[Annotator "ChessBase"]
[PlyCount "70"]
[EventDate "2021.12.29"]
[EventType "swiss"]
[EventCountry "POL"]
[Tiebreak "Cut1 Buchholz"]
[SourceTitle "playchess.com"]
[Source "ChessBase"]
[SourceQuality "1"]

1. e4 c5 2. Nf3 e6 3. c3 Nf6 4. e5 Nd5 5. d4 cxd4 6. cxd4 d6 7. Bc4 Be7 8. O-O
O-O 9. Qe2 b6 10. Rd1 Bb7 11. Bxd5 Bxd5 12. Nc3 Bxf3 13. Qxf3 d5 14. Qg4 Re8
15. Rd3 Nc6 16. Bh6 g6 17. Qf4 Qd7 18. Rf3 Bf8 19. h4 Nxd4 20. Rh3 Bxh6 21.
Qxh6 Nf5 22. Qf4 Rac8 23. h5 Rc4 24. Qd2 Qc7 25. Re1 Rc8 26. hxg6 fxg6 27. Qg5
Qe7 28. Qd2 Rd4 29. Qe2 Qg5 30. Qa6 Rf8 31. Qxa7 Nh4 32. g3 Nf3+ 33. Kf1 Rf7
34. Qxb6 Qg4 35. Re2 Qxh3# 0-1

[Event "FIDE Open World Blitz 2021"]
[Site "Warsaw"]
[Date "2021.12.29"]
[Round "11.46"]
[White "Janik, Igor"]
[Black "Mastrovasilis, Dimitrios"]
[Result "1/2-1/2"]
[WhiteElo "2508"]
[BlackElo "2577"]
[Annotator "ChessBase"]
[PlyCount "128"]
[EventDate "2021.12.29"]
[EventType "swiss"]
[EventCountry "POL"]
[Tiebreak "Cut1 Buchholz"]
[SourceTitle "playchess.com"]
[Source "ChessBase"]
[SourceQuality "1"]

1. Nf3 d5 2. d3 Nf6 3. c4 e6 4. g3 Be7 5. Bg2 O-O 6. O-O b6 7. b3 Bb7 8. Bb2 c5
9. Nbd2 Nc6 10. Ne5 Nxe5 11. Bxe5 Nd7 12. Bb2 Bf6 13. Qc2 Re8 14. a3 Rc8 15.
Rab1 Rc7 16. Bxf6 Nxf6 17. Rfc1 dxc4 18. bxc4 Bxg2 19. Kxg2 e5 20. a4 Qa8+ 21.
f3 h5 22. a5 Re6 23. Qa4 Qd8 24. axb6 axb6 25. Ra1 Qd4 26. Ne4 Nxe4 27. Qa8+
Kh7 28. Qxe4+ g6 29. Rcb1 Kg7 30. Ra6 Rcc6 31. Ra7 Qd8 32. Qd5 Rcd6 33. Qb7 Qf6
34. Ra8 Rd8 35. Rba1 Re7 36. Qe4 Rxa8 37. Rxa8 Qd6 38. Rc8 Rc7 39. Re8 Re7 40.
Rc8 Rc7 41. Ra8 f5 42. Qe3 Re7 43. Qc1 e4 44. Qa1+ Qe5 45. Qxe5+ Rxe5 46. dxe4
fxe4 47. f4 Re6 48. Kf2 Rd6 49. Rb8 Rd4 50. Rxb6 Rxc4 51. Ke3 Kf7 52. h3 Rc3+
53. Kf2 h4 54. gxh4 Rxh3 55. Rc6 Rxh4 56. Ke3 Rh3+ 57. Kxe4 Rc3 58. e3 Kg7 59.
Kf3 c4 60. Ke4 Kf7 61. Kd4 Rd3+ 62. Ke4 Rc3 63. Kf3 Kg7 64. Ke4 Kf7 1/2-1/2

[Event "FIDE Open World Blitz 2021"]
[Site "Warsaw"]
[Date "2021.12.29"]
[Round "11.47"]
[White "Suleymanli, Aydin"]
[Black "Narayanan.S.L"]
[Result "1-0"]
[WhiteElo "2541"]
[BlackElo "2570"]
[Annotator "ChessBase"]
[PlyCount "107"]
[EventDate "2021.12.29"]
[EventType "swiss"]
[EventCountry "POL"]
[Tiebreak "Cut1 Buchholz"]
[SourceTitle "playchess.com"]
[Source "ChessBase"]
[SourceQuality "1"]

1. d4 Nf6 2. c4 e6 3. Nc3 Bb4 4. f3 c5 5. d5 d6 6. e4 b5 7. Nge2 bxc4 8. Nf4 g5
9. Nfe2 exd5 10. exd5 Qe7 11. Bxg5 Bxc3+ 12. bxc3 Nbd7 13. h4 Ne5 14. Kf2 h6
15. Bxf6 Qxf6 16. Ng3 Bf5 17. Qd2 Bd3 18. Re1 Kf8 19. Ne4 Qe7 20. h5 Bxf1 21.
Kxf1 Nd3 22. Rb1 f5 23. Nf2 Ne5 24. Re1 Qf6 25. f4 Nf7 26. Re6 Qd8 27. Qc2 Rb8
28. Rh3 Rg8 29. Qxf5 Qb6 30. Qf6 Qd8 31. Qf5 Qb6 32. Rhe3 Qb1+ 33. Qxb1 Rxb1+
34. Re1 Rxe1+ 35. Rxe1 Rg3 36. Ne4 Rd3 37. Rb1 Rxd5 38. Rb8+ Ke7 39. Rb7+ Kf8
40. Rxa7 Rd3 41. Ke2 d5 42. Nxc5 Rxc3 43. Ne6+ Ke8 44. Nc7+ Kf8 45. Nxd5 Rd3
46. Ra8+ Kg7 47. Ne3 Rc3 48. Ra6 Rc1 49. Nf5+ Kh7 50. Rf6 Kg8 51. Nxh6+ Nxh6
52. Rxh6 Rc2+ 53. Kf3 Rxa2 54. Rc6 1-0

[Event "FIDE Open World Blitz 2021"]
[Site "Warsaw"]
[Date "2021.12.29"]
[Round "11.48"]
[White "Costachi, Mihnea"]
[Black "Volokitin, Andrei"]
[Result "0-1"]
[WhiteElo "2463"]
[BlackElo "2656"]
[Annotator "ChessBase"]
[PlyCount "120"]
[EventDate "2021.12.29"]
[EventType "swiss"]
[EventCountry "POL"]
[Tiebreak "Cut1 Buchholz"]
[SourceTitle "playchess.com"]
[Source "ChessBase"]
[SourceQuality "1"]

1. d4 Nf6 2. c4 e6 3. Nf3 d5 4. Nc3 Bb4 5. cxd5 exd5 6. Bg5 h6 7. Bh4 O-O 8. e3
Bf5 9. Bd3 Bxd3 10. Qxd3 c6 11. O-O Nbd7 12. Rab1 a5 13. Rfe1 Re8 14. a3 Be7
15. Bg3 Nh5 16. e4 Nxg3 17. hxg3 dxe4 18. Nxe4 Bf8 19. Rbd1 Nb6 20. Ne5 Nd5 21.
Qf3 Qc7 22. Nc3 Rad8 23. Re4 Nf6 24. Ree1 Re6 25. Ng4 Rxe1+ 26. Rxe1 Nxg4 27.
Qxg4 Qb6 28. Re2 Qxd4 29. Qf5 Qc5 30. Re5 Qb6 31. Re2 Qc5 32. Re5 Qb6 33. Re2
g6 34. Qf4 Bg7 35. Ne4 Qd4 36. Rd2 Qb6 37. Re2 Qb3 38. Kh2 Rd5 39. g4 Qd1 40.
Re3 Qd4 41. Qf3 Qxb2 42. Ng3 Rd8 43. Re7 Qf6 44. Qe2 Qh4+ 45. Kg1 Rd1+ 46. Qxd1
Qxe7 47. Qb3 b5 48. Qc2 Qxa3 49. Qxc6 Qb2 50. Qe8+ Bf8 51. Ne4 a4 52. g3 a3 53.
Nd6 Qf6 54. Ne4 Qe7 55. Qa8 a2 56. f3 Qa3 57. Nf6+ Kh8 58. Qd5 a1=Q+ 59. Kh2
Q3a2+ 60. Qxa2 Qxa2+ 0-1

[Event "FIDE Open World Blitz 2021"]
[Site "Warsaw"]
[Date "2021.12.29"]
[Round "11.49"]
[White "Peng, Li Min"]
[Black "Chigaev, Maksim"]
[Result "1-0"]
[WhiteElo "2412"]
[BlackElo "2626"]
[Annotator "ChessBase"]
[PlyCount "67"]
[EventDate "2021.12.29"]
[EventType "swiss"]
[EventCountry "POL"]
[Tiebreak "Cut1 Buchholz"]
[SourceTitle "playchess.com"]
[Source "ChessBase"]
[SourceQuality "1"]

1. Nf3 Nf6 2. c4 g6 3. b3 Bg7 4. Bb2 b6 5. g3 Bb7 6. Bg2 c5 7. O-O O-O 8. d4
cxd4 9. Qxd4 d6 10. Rd1 Nbd7 11. Qd2 Rc8 12. Nc3 Rc5 13. Ne1 Qa8 14. Bxb7 Qxb7
15. Nd3 Rcc8 16. Nf4 Rfe8 17. Nfd5 a6 18. Rac1 Rcd8 19. Nxf6+ Nxf6 20. Nd5 Ne4
21. Qc2 Bxb2 22. Qxb2 Nc5 23. Qd4 Rb8 24. h4 Qd7 25. Qf4 Qf5 26. Qxf5 gxf5 27.
b4 Ne6 28. f4 Kg7 29. Kf2 b5 30. c5 dxc5 31. bxc5 h5 32. Ne3 Kg6 33. Rd5 Rbc8
34. Nxf5 1-0

[Event "FIDE Open World Blitz 2021"]
[Site "Warsaw"]
[Date "2021.12.29"]
[Round "11.50"]
[White "Saric, Ivan"]
[Black "Mitrabha, Guha"]
[Result "1-0"]
[WhiteElo "2665"]
[BlackElo "2370"]
[Annotator "ChessBase"]
[PlyCount "31"]
[EventDate "2021.12.29"]
[EventType "swiss"]
[EventCountry "POL"]
[Tiebreak "Cut1 Buchholz"]
[SourceTitle "playchess.com"]
[Source "ChessBase"]
[SourceQuality "1"]

1. e4 c6 2. Nc3 d5 3. Nf3 dxe4 4. Nxe4 Nf6 5. Qe2 Nxe4 6. Qxe4 Be6 7. Be2 Nd7
8. d4 Nf6 9. Qd3 Qd5 10. c4 Qe4 11. Qb3 O-O-O 12. Be3 Ng4 13. Bd3 Bxc4 14. Bxe4
Bxb3 15. axb3 a6 16. Bf5+ 1-0

[Event "FIDE Open World Blitz 2021"]
[Site "Warsaw"]
[Date "2021.12.29"]
[Round "11.51"]
[White "Czarnota, Pawel"]
[Black "Babazada, Khazar"]
[Result "1-0"]
[WhiteElo "2502"]
[BlackElo "2302"]
[Annotator "ChessBase"]
[PlyCount "135"]
[EventDate "2021.12.29"]
[EventType "swiss"]
[EventCountry "POL"]
[Tiebreak "Cut1 Buchholz"]
[SourceTitle "playchess.com"]
[Source "ChessBase"]
[SourceQuality "1"]

1. Nf3 g6 2. c4 Bg7 3. Nc3 Nf6 4. e4 d6 5. d4 O-O 6. h3 Nbd7 7. Be2 e5 8. d5
Nc5 9. Qc2 a5 10. Bg5 h6 11. Be3 Nfd7 12. g4 c6 13. Nd2 a4 14. h4 Qa5 15. h5 g5
16. a3 Nf6 17. f3 Bd7 18. O-O Rfc8 19. Bf2 cxd5 20. cxd5 b5 21. Rac1 Rab8 22.
Kg2 Ne8 23. Qb1 b4 24. Nc4 Qa7 25. axb4 Rxb4 26. Qc2 Qb8 27. Rb1 Nb3 28. Na3
Nd4 29. Qd2 Bf6 30. Bd3 Bd8 31. Nd1 Ba5 32. Ne3 Rb5 33. Bxb5 Bxd2 34. Bxd7 Bxe3
35. Bxe3 Rd8 36. Bxa4 Qb4 37. Bc6 Nc7 38. Rfc1 Rb8 39. Nc2 Qb3 40. Bxd4 exd4
41. Nxd4 Qe3 42. Rd1 Na6 43. Nf5 Qf4 44. Nxh6+ Kh7 45. Nf5 Rb3 46. Rf1 Nc5 47.
Be8 Rd3 48. Rf2 Nxe4 49. fxe4 Qxe4+ 50. Kh2 Qxe8 51. Rbf1 Qe5+ 52. Kg2 Qxd5+
53. Rf3 Qe4 54. Kg3 Rd2 55. R1f2 Rd1 56. Ne3 Rg1+ 57. Kh2 Rxg4 58. Rxf7+ Kh6
59. Nf5+ Kxh5 60. Rh7+ Kg6 61. Rh6+ Kf7 62. Nxd6+ Kg7 63. Nxe4 Kxh6 64. Re2 Rf4
65. b4 Rf5 66. Rb2 Rb5 67. Nc3 Rb8 68. b5 1-0

[Event "FIDE Open World Blitz 2021"]
[Site "Warsaw"]
[Date "2021.12.29"]
[Round "11.52"]
[White "Klimkowski, Jan"]
[Black "Sargsyan, Shant"]
[Result "0-1"]
[WhiteElo "2015"]
[BlackElo "2628"]
[Annotator "ChessBase"]
[PlyCount "80"]
[EventDate "2021.12.29"]
[EventType "swiss"]
[EventCountry "POL"]
[Tiebreak "Cut1 Buchholz"]
[SourceTitle "playchess.com"]
[Source "ChessBase"]
[SourceQuality "1"]

1. e4 c5 2. Nf3 Nc6 3. d4 cxd4 4. Nxd4 Nf6 5. Nc3 e6 6. Nxc6 bxc6 7. Bd3 d5 8.
O-O Be7 9. Kh1 a5 10. Qe2 Qb6 11. Rb1 Ba6 12. Be3 Bxd3 13. Qxd3 Qa6 14. Qd2 O-O
15. e5 Nd7 16. f4 g6 17. Bg1 Rab8 18. Na4 Rb4 19. b3 Rfb8 20. Rbe1 c5 21. Rf3
c4 22. f5 exf5 23. Qxd5 Nf8 24. Rh3 cxb3 25. axb3 Ne6 26. Qd2 h5 27. Rd3 Qc6
28. Rc3 Qb7 29. Rd1 Rd8 30. Rd3 Rxd3 31. Qxd3 h4 32. Qd7 Qe4 33. Qd5 Qg4 34. h3
Qe2 35. Qd3 Qxe5 36. Nc3 Nf4 37. Qd2 Bf6 38. Na4 Re4 39. Nb6 Re2 40. Qc1 Qe4
0-1

[Event "FIDE Open World Blitz 2021"]
[Site "Warsaw"]
[Date "2021.12.29"]
[Round "12.1"]
[White "Carlsen, Magnus"]
[Black "Erigaisi Arjun"]
[Result "1/2-1/2"]
[WhiteElo "2855"]
[BlackElo "2627"]
[Annotator "TA"]
[PlyCount "144"]
[EventDate "2021.12.29"]
[EventType "swiss"]
[EventCountry "POL"]
[Tiebreak "Cut1 Buchholz"]
[SourceTitle "playchess.com"]
[Source "ChessBase"]
[SourceQuality "1"]

1. e4 e5 2. Nf3 Nf6 3. d3 Nc6 4. g3 d5 5. exd5 Nxd5 6. Bg2 Be7 7. O-O O-O 8.
Re1 f6 9. d4 Bg4 10. h3 Bxf3 11. Qxf3 Ndb4 12. Qb3+ Kh8 13. c3 Nd3 14. Rd1 Nxc1
15. Rxc1 Rb8 16. dxe5 Nxe5 17. Rd1 Qc8 18. Nd2 c6 19. f4 Nd3 20. Nf3 Nc5 21.
Qc4 Qe6 22. Qxe6 Nxe6 23. Bf1 Rbd8 24. Kg2 Nc5 25. Rxd8 Rxd8 26. Re1 Bf8 27.
Nd4 g6 28. Bc4 f5 29. Nf3 Ne4 30. Bb3 Kg7 31. Re2 a5 32. Bc2 Nc5 33. Nd4 Rd7
34. g4 fxg4 35. hxg4 Re7 36. Rd2 Ne6 37. Ne2 Kf6 38. Kf3 Re8 39. Ng3 Rd8 40.
Ne4+ Kg7 41. Re2 Nc5 42. Nf2 a4 43. b4 axb3 44. axb3 b5 45. b4 Na4 46. Ne4 Re8
47. Rd2 Nb6 48. Bb3 h6 49. Ra2 Ra8 50. Rd2 Ra3 51. Rb2 Nd5 52. f5 gxf5 53. gxf5
Be7 54. Ke2 Bf6 55. Kd3 Nf4+ 56. Ke3 Nd5+ 57. Bxd5 cxd5 58. Nxf6 Kxf6 59. Kd4
Kxf5 60. Rh2 Kg5 61. Rg2+ Kf5 62. Rh2 Kg5 63. Rh3 Ra8 64. Re3 Rd8 65. Re7 h5
66. Rg7+ Kf4 67. Rb7 h4 68. Rxb5 h3 69. Rb7 h2 70. Rh7 Kg3 71. Rg7+ Kf2 72. Rh7
Kg2 1/2-1/2

[Event "FIDE Open World Blitz 2021"]
[Site "Warsaw"]
[Date "2021.12.29"]
[Round "12.1"]
[White "Paravyan, David"]
[Black "Janik, Igor"]
[Result "1-0"]
[WhiteElo "2642"]
[BlackElo "2508"]
[Annotator "ChessBase"]
[PlyCount "63"]
[EventDate "2021.12.29"]
[EventType "swiss"]
[EventCountry "POL"]
[Tiebreak "Cut1 Buchholz"]
[SourceTitle "playchess.com"]
[Source "ChessBase"]
[SourceQuality "1"]

1. e4 c6 2. d4 d5 3. exd5 cxd5 4. c4 Nf6 5. Nc3 e6 6. cxd5 Nxd5 7. Bd3 Nxc3 8.
bxc3 Qc7 9. Qc2 Bd6 10. Nf3 Bd7 11. O-O Bc6 12. Qe2 Nd7 13. h3 O-O 14. Rb1 Rfd8
15. Bg5 Re8 16. Rfd1 Bf4 17. Be4 Bxe4 18. Qxe4 Bxg5 19. Nxg5 h6 20. Rxb7 Qd6
21. Qh7+ Kf8 22. Ne4 Qc6 23. Nc5 Rad8 24. Re1 Nf6 25. Qh8+ Ng8 26. Re3 e5 27.
Rg3 g5 28. Rf3 Qg6 29. Nd7+ Rxd7 30. Rxd7 exd4 31. Rfxf7+ Qxf7 32. Rxf7+ 1-0

[Event "FIDE Open World Blitz 2021"]
[Site "Warsaw"]
[Date "2021.12.29"]
[Round "12.2"]
[White "Aronian, Levon"]
[Black "Dubov, Daniil"]
[Result "1-0"]
[WhiteElo "2782"]
[BlackElo "2714"]
[Annotator "TA"]
[PlyCount "65"]
[EventDate "2021.12.29"]
[EventType "swiss"]
[EventCountry "POL"]
[Tiebreak "Cut1 Buchholz"]
[SourceTitle "playchess.com"]
[Source "ChessBase"]
[SourceQuality "1"]

1. e4 c5 2. Nf3 d6 3. c3 Nf6 4. Be2 Nbd7 5. d3 g6 6. O-O Bg7 7. Be3 O-O 8. Nbd2
b6 9. d4 Bb7 10. d5 Re8 11. a4 a6 12. Re1 Qc7 13. Bc4 Ng4 14. Bf4 Nge5 15. Nxe5
Nxe5 16. Bf1 e6 17. dxe6 Rxe6 18. Nc4 Rae8 19. f3 b5 20. axb5 axb5 21. Nxe5
dxe5 22. Be3 c4 23. b3 cxb3 24. Qxb3 Bc6 25. c4 bxc4 26. Bxc4 R6e7 27. Ra7 Bb7
28. Ba6 Qa5 29. Rc1 Bxa6 30. Rxe7 Rxe7 31. Qb8+ Bf8 32. Bh6 Bc8 33. Qxc8 1-0

[Event "FIDE Open World Blitz 2021"]
[Site "Warsaw"]
[Date "2021.12.29"]
[Round "12.2"]
[White "Bologan, Victor"]
[Black "Tari, Aryan"]
[Result "1/2-1/2"]
[WhiteElo "2574"]
[BlackElo "2649"]
[Annotator "ChessBase"]
[PlyCount "149"]
[EventDate "2021.12.29"]
[EventType "swiss"]
[EventCountry "POL"]
[Tiebreak "Cut1 Buchholz"]
[SourceTitle "playchess.com"]
[Source "ChessBase"]
[SourceQuality "1"]

1. e4 e5 2. Nf3 Nc6 3. Bb5 Nf6 4. d3 Bc5 5. Nbd2 Nd4 6. Nxd4 Bxd4 7. c3 Bb6 8.
O-O O-O 9. Kh1 c6 10. Ba4 d5 11. Qe2 Re8 12. exd5 Nxd5 13. Ne4 Bf5 14. Bb3 h6
15. Bd2 a5 16. a4 Qd7 17. Rae1 Rad8 18. Qd1 Qe7 19. Qf3 Bg6 20. Bc1 Kh8 21. Qg3
Kh7 22. Qh3 Kg8 23. Qg3 Bc7 24. Qf3 f5 25. Ng3 Qf6 26. Bc4 Kh7 27. Bb3 Rf8 28.
Bc2 Qh4 29. h3 e4 30. dxe4 fxe4 31. Qg4 Qxg4 32. hxg4 Rxf2 33. Rxf2 Bxg3 34.
Rfe2 Bxe1 35. Rxe1 Re8 36. Kg1 e3 37. Bb3 e2 38. Bc4 Re4 39. Bxe2 Nf4 40. Bxf4
Rxf4 41. Bd1 Rf7 42. Bb3 Rd7 43. Kf2 b5 44. Re5 Rd2+ 45. Re2 Rxe2+ 46. Kxe2 Be4
47. g3 Kg6 48. Ke3 Bg2 49. Kf4 Kf6 50. g5+ hxg5+ 51. Ke3 Ke5 52. Bc2 Bd5 53.
axb5 cxb5 54. Bd3 Bc4 55. Bc2 b4 56. cxb4 axb4 57. Be4 Bd5 58. Bd3 g4 59. Be2
Bf3 60. Bc4 Be4 61. Bb3 g6 62. Bc4 g5 63. Bb3 Bd5 64. Bd1 Be6 65. Be2 Kd5 66.
Bf1 Kc5 67. Be2 Bf5 68. Bf1 Kd5 69. Be2 Ke5 70. Bc4 Be4 71. Be2 Bf3 72. Bc4 Bc6
73. Be2 Bd7 74. Bc4 Be6 75. Be2 1/2-1/2

[Event "FIDE Open World Blitz 2021"]
[Site "Warsaw"]
[Date "2021.12.29"]
[Round "12.3"]
[White "Amin, Bassem"]
[Black "Kravtsiv, Martyn"]
[Result "1-0"]
[WhiteElo "2617"]
[BlackElo "2616"]
[Annotator "ChessBase"]
[PlyCount "137"]
[EventDate "2021.12.29"]
[EventType "swiss"]
[EventCountry "POL"]
[Tiebreak "Cut1 Buchholz"]
[SourceTitle "playchess.com"]
[Source "ChessBase"]
[SourceQuality "1"]

1. Nf3 d5 2. g3 c5 3. Bg2 Nf6 4. O-O Nc6 5. d3 e5 6. e4 dxe4 7. dxe4 Qxd1 8.
Rxd1 Bg4 9. c3 Be7 10. h3 Be6 11. Nh4 Rd8 12. Rxd8+ Bxd8 13. Nf5 O-O 14. Na3
Bc7 15. Be3 b6 16. Bg5 Rd8 17. Bf1 Bxf5 18. exf5 Ne7 19. g4 h6 20. Bxf6 gxf6
21. Bg2 Kf8 22. Kf1 Nc8 23. Nc4 b5 24. Ne3 Nb6 25. Ke2 c4 26. Bc6 a6 27. Bb7 a5
28. Ba6 b4 29. cxb4 axb4 30. Bxc4 Bd6 31. Rd1 Ke7 32. Bb3 Bc7 33. Rxd8 Bxd8 34.
Nc2 Kd6 35. Nxb4 Kc5 36. Nc2 Bc7 37. Bxf7 Na4 38. b4+ Kd6 39. Kd2 e4 40. Ne3
Ke5 41. Bb3 Nb6 42. a4 Kd4 43. Nc2+ Ke5 44. a5 Nc8 45. Ne3 Kd4 46. Nd5 Bd8 47.
a6 Na7 48. Nf4 Be7 49. Ne6+ Ke5 50. Kc3 Nb5+ 51. Kc4 Na3+ 52. Kc3 Nb5+ 53. Kb2
Bxb4 54. Ba4 Na7 55. Bd1 Be1 56. f3 e3 57. Kc2 Nc6 58. Kd3 Bd2 59. f4+ Kd6 60.
Kc4 Na7 61. Bf3 Bc1 62. h4 Bd2 63. g5 fxg5 64. fxg5 hxg5 65. hxg5 Ke7 66. g6
Kf6 67. g7 Kf7 68. Bh5+ Kg8 69. f6 1-0

[Event "FIDE Open World Blitz 2021"]
[Site "Warsaw"]
[Date "2021.12.29"]
[Round "12.3"]
[White "Klekowski, Maciej"]
[Black "Sychev, Klementy"]
[Result "0-1"]
[WhiteElo "2499"]
[BlackElo "2615"]
[Annotator "ChessBase"]
[PlyCount "97"]
[EventDate "2021.12.29"]
[EventType "swiss"]
[EventCountry "POL"]
[Tiebreak "Cut1 Buchholz"]
[SourceTitle "playchess.com"]
[Source "ChessBase"]
[SourceQuality "1"]

1. c4 e5 2. g3 Nf6 3. Nc3 d5 4. cxd5 Nxd5 5. Bg2 Nb6 6. e3 Nc6 7. Nge2 h5 8. d4
h4 9. d5 Ne7 10. a4 a5 11. e4 Ng6 12. Qd3 Bd7 13. Be3 Bb4 14. O-O Nc8 15. f4
hxg3 16. hxg3 exf4 17. gxf4 Nh4 18. f5 Nd6 19. Nd4 Nxg2 20. Kxg2 Qh4 21. Bf4
O-O-O 22. Rac1 Kb8 23. Ncb5 Qg4+ 24. Qg3 Qxg3+ 25. Bxg3 Rc8 26. e5 Ne4 27. e6
Bxb5 28. Nxb5 Nxg3 29. Kxg3 c6 30. dxc6 bxc6 31. Nd4 Bd6+ 32. Kg4 fxe6 33. fxe6
Kb7 34. Rf7+ Kb6 35. Nf5 Be5 36. Ne7 Rc7 37. Ng6 Rh6 38. Nxe5 Rxe6 39. Rxc7
Kxc7 40. Nc4 Re4+ 41. Kf5 Rh4 42. Rc3 Rh5+ 43. Kg6 Rd5 44. Kxg7 Rf5 45. Kg6 Rd5
46. Kf6 Kb7 47. b3 Kc7 48. Ke6 Kb7 49. Ne5 0-1

[Event "FIDE Open World Blitz 2021"]
[Site "Warsaw"]
[Date "2021.12.29"]
[Round "12.4"]
[White "Nakamura, Hikaru"]
[Black "Grischuk, Alexander"]
[Result "1/2-1/2"]
[WhiteElo "2736"]
[BlackElo "2773"]
[Annotator "ChessBase"]
[PlyCount "191"]
[EventDate "2021.12.29"]
[EventType "swiss"]
[EventCountry "POL"]
[Tiebreak "Cut1 Buchholz"]
[SourceTitle "playchess.com"]
[Source "ChessBase"]
[SourceQuality "1"]

1. d4 Nf6 2. c4 e6 3. Nc3 Bb4 4. Qc2 O-O 5. a3 Bxc3+ 6. Qxc3 d5 7. e3 b6 8.
cxd5 exd5 9. Bd3 Ba6 10. Bxa6 Nxa6 11. Qc6 Qd7 12. Qxd7 Nxd7 13. Ne2 c5 14. Bd2
Rac8 15. Rc1 Nc7 16. O-O Ne6 17. Bc3 c4 18. a4 Rfe8 19. f3 f5 20. Kf2 Nf6 21.
Bb4 Rc6 22. h3 h5 23. h4 Kf7 24. g3 Rec8 25. Nc3 a6 26. Ke2 Ke8 27. Kd2 Kd7 28.
Ne2 Re8 29. Kc2 g6 30. Bd2 Rec8 31. Ra1 Re8 32. Ra3 Rec8 33. Raa1 Re8 34. Nc1
Rec8 35. Na2 R6c7 36. Rae1 Ra8 37. Nc3 Re8 38. Rg1 Kc6 39. Ra1 Rec8 40. Ne2 Kd7
41. Rg2 Ke8 42. Bb4 Rc6 43. Re1 Kf7 44. Reg1 Re8 45. Bd2 Rec8 46. Rf2 Re8 47.
Nc3 Ke7 48. Kb1 Rd8 49. Bc1 Ke8 50. Re2 Kf7 51. Rf2 Ke8 52. Re1 Kf7 53. Rff1
Kg7 54. Bd2 Kf7 55. Na2 Rc7 56. Nb4 Ra8 57. g4 a5 58. gxf5 gxf5 59. Na2 f4 60.
Nc3 Rd7 61. Nb5 fxe3 62. Rxe3 Nc7 63. Nxc7 Rxc7 64. Re5 Re7 65. Bf4 Rxe5 66.
Bxe5 Rg8 67. Re1 Nd7 68. Bd6 Re8 69. Rxe8 Kxe8 70. Kc2 Kf7 71. Bc7 Ke6 72. Kd2
Kf6 73. Ke2 Ke6 74. Ke3 Kf5 75. Bd8 Nb8 76. Bxb6 Nc6 77. Bc7 Ke6 78. Bg3 Nb4
79. Bc7 Nc2+ 80. Kf4 Nxd4 81. Bxa5 Nb3 82. Bb4 d4 83. Ke4 d3 84. Ke3 Kd5 85. a5
Nd4 86. Bc3 Nf5+ 87. Kf4 Nxh4 88. a6 Kc6 89. Ke4 Kb6 90. f4 Kxa6 91. f5 Kb5 92.
f6 Ng6 93. Kf5 Nf8 94. Ke4 Ng6 95. b3 cxb3 96. Kxd3 1/2-1/2

[Event "FIDE Open World Blitz 2021"]
[Site "Warsaw"]
[Date "2021.12.29"]
[Round "12.4"]
[White "Bluebaum, Matthias"]
[Black "Costachi, Mihnea"]
[Result "1/2-1/2"]
[WhiteElo "2609"]
[BlackElo "2463"]
[Annotator "ChessBase"]
[PlyCount "131"]
[EventDate "2021.12.29"]
[EventType "swiss"]
[EventCountry "POL"]
[Tiebreak "Cut1 Buchholz"]
[SourceTitle "playchess.com"]
[Source "ChessBase"]
[SourceQuality "1"]

1. d4 Nf6 2. c4 g6 3. Nc3 Bg7 4. e4 d6 5. Nf3 O-O 6. Be2 Na6 7. O-O e5 8. Be3
c6 9. d5 Ng4 10. Bg5 f6 11. Bh4 c5 12. Ne1 Nh6 13. a3 Nf7 14. Bg4 Bxg4 15. Qxg4
Qb6 16. Qe2 f5 17. exf5 gxf5 18. Rb1 e4 19. Nc2 Ne5 20. Nb5 Nc7 21. Be7 Rf7 22.
Nxd6 Rxe7 23. Nxf5 Rf7 24. Qxe4 Qg6 25. Nce3 Raf8 26. d6 Ne6 27. Ne7+ Rxe7 28.
Qxg6 Nxg6 29. dxe7 Nxe7 30. b4 Bd4 31. g3 Nc6 32. Kg2 b6 33. Nd5 Ng5 34. f4 Ne4
35. Rbd1 Nf6 36. Rfe1 Kf7 37. Nc7 Rd8 38. Ne6 Rd7 39. bxc5 bxc5 40. Kf3 Rb7 41.
Rd3 h6 42. g4 Rb2 43. g5 Rf2+ 44. Kg3 Nh5+ 45. Kg4 Ng7 46. Nxg7 Kxg7 47. h4
hxg5 48. hxg5 Kf7 49. Rb3 Rg2+ 50. Kf3 Rf2+ 51. Ke4 Ne7 52. Rf3 Rc2 53. Kd3
Rc3+ 54. Ke2 Rxc4 55. f5 Rc2+ 56. Kd1 Ra2 57. Re2 Ra1+ 58. Kc2 Ra2+ 59. Kd1
Ra1+ 60. Kd2 Ra2+ 61. Ke1 Ra1+ 62. Kd2 Ra2+ 63. Kd1 Ra1+ 64. Kc2 Ra2+ 65. Kd1
Ra1+ 66. Kc2 1/2-1/2

[Event "FIDE Open World Blitz 2021"]
[Site "Warsaw"]
[Date "2021.12.29"]
[Round "12.5"]
[White "Maghsoodloo, Parham"]
[Black "Duda, Jan-Krzysztof"]
[Result "1-0"]
[WhiteElo "2706"]
[BlackElo "2756"]
[Annotator "ChessBase"]
[PlyCount "79"]
[EventDate "2021.12.29"]
[EventType "swiss"]
[EventCountry "POL"]
[Tiebreak "Cut1 Buchholz"]
[SourceTitle "playchess.com"]
[Source "ChessBase"]
[SourceQuality "1"]

1. d4 Nf6 2. c4 e6 3. Nc3 Bb4 4. e3 b6 5. Nf3 Bb7 6. Bd2 O-O 7. Bd3 d5 8. cxd5
exd5 9. Rc1 a6 10. O-O Nbd7 11. Ne5 h6 12. f4 c5 13. Be1 Bxc3 14. bxc3 Ne4 15.
Bxe4 dxe4 16. Nxd7 Qxd7 17. f5 f6 18. Qb3+ Bd5 19. c4 Bf7 20. Qxb6 cxd4 21.
Qxd4 Qxd4 22. exd4 Rfc8 23. c5 Bxa2 24. Ba5 Bd5 25. Kf2 Rab8 26. Bb6 Rb7 27.
Ke3 Kf7 28. Ra1 Ra8 29. Ra5 Ke8 30. Rfa1 Bc4 31. R1a4 Bb3 32. Rxa6 Rxa6 33.
Rxa6 Bd5 34. Ra8+ Ke7 35. Rd8 Rd7 36. Rc8 Bb7 37. Rb8 Bd5 38. g4 Rb7 39. Rc8
Rd7 40. c6 1-0